000 01392cam a22002535a 4500
001 17739325
005 20170103154634.0
008 130515t2013 flua frb 001 0 eng d
020 _a9781466585836
040 _aDLC
_beng
_cDLC
_dDLC
_dEG-ScBUE
082 0 4 _a006.312
_222
_bXUU
100 1 _aXu, Guandong.
245 1 0 _aApplied data mining /
_cGuandong Xu, Yu Zong, Zhenglu Yang.
260 _aBoca Raton :
_bCRC Press / Taylor & Francis,
_cc.2013.
300 _axi, 272 p. :
_bill. ;
_c25 cm.
504 _aIncludes bibliographical references and index.
520 _a"In past decades, data mining has witnessed substantial advances by efforts from various communities. On the other hand, new research questions and practical challenges are continuously presented due to newly emerging topics and applications within the various fields closely related to human daily life, e.g. social media and social networking. This book aims to bridge the gap between the existing research and application progresses in traditional data mining and the latest advances in newly emerging information services. It explores the extension of well-studied algorithms and approaches into these new research arenas"--
650 7 _aData mining.
_2BUEsh
_927695
651 _2BUEsh
653 _bCOMSCI
_cJanuary2017
700 1 _aZong, Yu
_c(Computer scientist)
700 1 _aYang, Zhenglu.
942 _2ddc
999 _c23825
_d23797